000 00705nam a22002537i 4500
003 DO-SdBNP
005 20250429112225.0
007 ta
008 250429b2025 |||||||| |||| 00| 0 eng d
020 _a9789945654981
040 _aDO-SdBNP
_bspa
_cBNPHU
_erda
041 _hspa
082 _axxx
_bJ623
_222
100 1 _aJoaquín de Jenkins, Joselyn
_eautor
_987566
245 1 0 _aRedimida /
_cJoselyn Joaquín de Jenkins
264 1 _aSanto Domingo :
_bSantuario,
_c2025.
300 _a314 páginas :
_c24 cm
336 _ardacontent
_btexto
_2txt
337 _ardamedia
_bsin mediación
_2n
338 _ardacarrier
_bvolumen
_2nc
590 _aInventariado, 2025/DG
910 _aDG
942 _2ddc
_cLBS1
999 _c58432
_d58432